Essentials of Business Communication (Record no. 2510)
[ view plain ]
| 000 -LEADER | |
|---|---|
| fixed length control field | 00351nam a22001337a 4500 |
| 008 - FIXED-LENGTH DATA ELEMENTS--GENERAL INFORMATION | |
| fixed length control field | 250320b |||||||| |||| 00| 0 eng d |
| 020 ## - INTERNATIONAL STANDARD BOOK NUMBER | |
| ISBN | 0324376421 |
| 100 ## - MAIN ENTRY--AUTHOR | |
| Author | GUFFEY Ellen Mary |
| 245 ## - TITLE STATEMENT | |
| Title | Essentials of Business Communication |
| 260 ## - PUBLICATION, DISTRIBUTION, ETC. (IMPRINT) | |
| Place of publication | Austraria |
| Name of publisher | Thomson South Western |
| Date of publication | 2007 |
| 300 ## - COLLATION | |
| Pagination | xxxi, 452p. |
| 942 ## - ADDED ENTRY ELEMENTS (KOHA) | |
| Item type | Books |
| 050 ## - LIBRARY OF CONGRESS CALL NUMBER | |
| Classification number | PE3251 |
| Item number | .G84 |
| Source of classification or shelving scheme | Not for loan | Permanent location | Current location | Date acquired | Accession No. | Full call number | Barcode. | Koha item type |
|---|---|---|---|---|---|---|---|---|
| Library of Congress Classification | Samuel Ogbemudia Main Library, University of Abuja | Samuel Ogbemudia Main Library, University of Abuja | 03/20/2025 | 2011/42316 | PE3251.G84 | 2025-0784 | Books |